000 00956nam a2200277 a 4500
001 000020674
003 OSt
005 20260202095302.0
008 100812s2017 dr 000 0 spa d
020 _a9789945008388
040 _aDO-SdBNP
_bspa
_cBNPHU
082 _a248.4
_bS237r
100 1 _a Santos, Amarilis de los,
_943429
_d1962-
245 1 0 _aRompiendo el silencio /
_bAmarilis de los Santos García ; edición: Miguel Collado.
260 _aSanto Domingo :
_bCorripio,
_c2017.
300 _a190 p. :
_bil., retrs. ;
_c23 cm.
500 _aIncluye datos biográficos de la autora en la solapa de la cubierta.
590 _aLa biblioteca posee 1 ejemplar autografiado por la autora
590 _aInventariado, 2021 /LP
650 0 _aVida espiritual
_9268
650 0 _aVida cristiana
_9668
650 0 _aEspiritualidad
_9613
700 1 _aCollado, Miguel A.,
_d1954-
_eed.
_924696
910 _aValidado. Control de calidad MFF
942 _2ddc
_cLF1
999 _c20178
_d20178